| 000 | 00785nam a2200277 i 4500 | ||
|---|---|---|---|
| 001 | bg | ||
| 100 | 1 | _aSURDYKOWSKA, Stanisława Teresa. | |
| 245 | 1 | 0 |
_aRachunkowość międzynarodowa / _cStanisława T. Surdykowska. |
| 260 |
_aKraków : _b"Zakamycze", _c1999. |
||
| 300 |
_a332 s. ; _c25 cm. |
||
| 490 | 1 | _aPodręcznik | |
| 500 | _aNa okł. podtyt. : zarządzanie, ekonomia, marketing. | ||
| 504 | _aBibliogr. - Indeks. | ||
| 650 | 9 | _aRachunkowość międzynarodowa | |
| 655 | _aPodręczniki | ||
| 830 | _aPodręcznik | ||
| 020 | _a8388114174 | ||
| 020 | _a8388114581 (opr.) | ||
| 040 | _cBPK | ||
| 041 | 0 | _apl | |
| 080 | _a657(1-775)(07) | ||
| 920 | _a83-88114-17-4 | ||
| 920 | _a83-88114-58-1 (opr.) | ||
| 942 | _cKS | ||
| 008 | s pl f |000 0 pol | ||
| 999 |
_c36798 _d36798 |
||
| 856 |
_uhttp://koha.tu.koszalin.pl/cgi-bin/koha/opac-detail.pl?biblionumber=36798 _yKatalog online BPK |
||